000 00483pab a2200169 454500
008 180718b2007 xxu||||| |||| 00| 0 eng d
100 _aHinkin, Timothy
245 _aCollaborative research: developing mutually beneficial relationships between researchers and organizations
260 _c2007
300 _ap.105-18.
650 _aOrganizations
700 _aKlag, Malvina
700 _aHoltom, Brooks C.
773 _aOrganizational Dynamics
908 _aN
909 _a73580
999 _c73580
_d73580